Normal view
MARC view
- Yadav Swati - 2K131111; Prof.Ranjana Gogate - Guide & [Company Name] - Bharat Heavy Electricals Ltd
Entry Personal Name
001 - CONTROL NUMBER
- control field: 103228
003 - CONTROL NUMBER IDENTIFIER
- control field: OSt
005 - DATE AND TIME OF LATEST TRANSACTION
- control field: 20221007220506.0
008 - FIXED-LENGTH DATA ELEMENTS
- fixed length control field: 221007|| aca||aabn | a|a d
040 ## - CATALOGING SOURCE
- Original cataloging agency: OSt
- Transcribing agency: OSt
100 ## - HEADING--PERSONAL NAME
- Personal name: Yadav Swati - 2K131111; Prof.Ranjana Gogate - Guide & [Company Name] - Bharat Heavy Electricals Ltd
670 ## - SOURCE DATA FOUND
- Source citation: Work cat.: (OSt)73560: Yadav Swati - 2K131111; Prof.Ranjana Gogate - Guide & [Company Name] - Bharat Heavy Electricals Ltd., Study Of Financial Performance Using Ratio Analysis, Sep-14